Agricultural policies of Britain and Denmark: a study in reciprocal trade (Record no. 375138)

000 -LEADER
fixed length control field 00557cam a22001697a 4500
008 - FIXED-LENGTH DATA ELEMENTS--GENERAL INFORMATION
fixed length control field 180718b1961 xxu||||| |||| 00| 0 eng d
082 ## - DEWEY DECIMAL CLASSIFICATION NUMBER
Classification number Zx42 N172
100 ## - MAIN ENTRY--PERSONAL NAME
Personal name Nash, E.F
245 ## - TITLE STATEMENT
Title Agricultural policies of Britain and Denmark: a study in reciprocal trade
Statement of responsibility, etc. by E.F Nash and E.A Attwood
260 ## - PUBLICATION, DISTRIBUTION, ETC.
Place of publication, distribution, etc. London
Name of publisher, distributor, etc. Land Bks
Date of publication, distribution, etc. 1961
300 ## - PHYSICAL DESCRIPTION
Extent 94p.
650 ## - SUBJECT ADDED ENTRY--TOPICAL TERM
Topical term or geographic name entry element Produce trade --Denmark
650 ## - SUBJECT ADDED ENTRY--TOPICAL TERM
Topical term or geographic name entry element Produce trade --Great Britain
650 ## - SUBJECT ADDED ENTRY--TOPICAL TERM
Topical term or geographic name entry element Agriculture and state --Denmark
650 ## - SUBJECT ADDED ENTRY--TOPICAL TERM
Topical term or geographic name entry element Agriculture and state --Great Britain
700 ## - ADDED ENTRY--PERSONAL NAME
Personal name Attwood, E.A
Holdings
Withdrawn status Lost status Damaged status Not for loan Permanent Location Current Location Date acquired Full call number Barcode Date last seen Price effective from Koha item type
        Indian Institute of Public Administration Indian Institute of Public Administration 1994-07-12 Zx42 N172 26482 2018-07-21 2018-07-21 Book

Powered by Koha